[Event "CRO-chT (Women)"]
[Site "Sibenik"]
[Date "2016.10.09"]
[Round "3.3"]
[White "Bogdanic, Katarina"]
[Black "Macek, Vlasta"]
[Result "1-0"]
[WhiteElo "1842"]
[BlackElo "2163"]
[PlyCount "73"]
[EventDate "2016.10.08"]
[EventType "team-tourn"]
[EventRounds "9"]
[EventCountry "CRO"]
[SourceTitle "EXT 2017"]
[Source "ChessBase"]
[SourceDate "2016.10.25"]
[SourceVersion "1"]
[SourceVersionDate "2016.10.25"]
[SourceQuality "1"]
[WhiteTeam "Rijeka Draga (W)"]
[BlackTeam "Zagreb Mladost (W)"]
[WhiteTeamCountry "CRO"]
[BlackTeamCountry "CRO"]

1. Nf3 d5 2. g3 c6 3. Bg2 Nf6 4. c4 e6 5. Qc2 Be7 6. b3 a5 7. Bb2 0-0 8. 0-0 Na6 9. d4 Bd7 10. Nbd2 b5 11. a3 Rc8 12. Rac1 Qb6 13. Ne5 Qb7 14. e4 Nb8 15. Rfe1 Rfd8 16. Bf1 Be8 17. Bd3 h6 18. Rb1 b4 19. axb4 Bxb4 20. Bc3 c5 21. Bxb4 axb4 22. exd5 exd5 23. cxd5 cxd4 24. Bc4 Qxd5 25. Ng6 Rxc4 26. bxc4 Qc5 27. Nf4 Bc6 28. Nd3 Qh5 29. Nxb4 Ba8 30. Qa4 Bf3 31. Nxf3 Qxf3 32. Qd1 Qf5 33. Nd3 Nc6 34. Rb5 Qc8 35. Qf3 Na7 36. Ra5 Nc6 37. Rc5 1-0

[Event "CRO-chT (Women)"]
[Site "Bol"]
[Date "2013.09.20"]
[Round "7.3"]
[White "Turk, Tajana"]
[Black "Macek, Vlasta"]
[Result "1/2-1/2"]
[WhiteElo "1936"]
[BlackElo "2161"]
[PlyCount "22"]
[EventDate "2013.09.14"]
[EventType "team-tourn"]
[EventRounds "7"]
[EventCountry "CRO"]
[SourceTitle "CBM 156 Extra"]
[Source "ChessBase"]
[SourceDate "2013.10.22"]
[SourceVersion "1"]
[SourceVersionDate "2013.10.22"]
[SourceQuality "1"]
[WhiteTeam "Vrbovsko Goran (W)"]
[BlackTeam "Zagreb Mladost (W)"]
[WhiteTeamCountry "CRO"]
[BlackTeamCountry "CRO"]

1. d4 d5 2. Nf3 Nf6 3. e3 c6 4. Bd3 e6 5. Nbd2 Be7 6. 0-0 Nbd7 7. b3 0-0 8. Bb2 b6 9. Qe2 Bb7 10. Ne5 c5 11. Nxd7 Qxd7 1/2-1/2

[Event "CRO-chT (Women)"]
[Site "Bol"]
[Date "2013.09.18"]
[Round "5.3"]
[White "Macek, Vlasta"]
[Black "Saric, Kristina"]
[Result "0-1"]
[WhiteElo "2161"]
[BlackElo "2238"]
[PlyCount "68"]
[EventDate "2013.09.14"]
[EventType "team-tourn"]
[EventRounds "7"]
[EventCountry "CRO"]
[SourceTitle "CBM 156 Extra"]
[Source "ChessBase"]
[SourceDate "2013.10.22"]
[SourceVersion "1"]
[SourceVersionDate "2013.10.22"]
[SourceQuality "1"]
[WhiteTeam "Zagreb Mladost (W)"]
[BlackTeam "Rijeka Liburnija (W)"]
[WhiteTeamCountry "CRO"]
[BlackTeamCountry "CRO"]

1. d4 Nf6 2. c4 e6 3. Nc3 Bb4 4. Qc2 0-0 5. Nf3 d5 6. e3 b6 7. a3 Bxc3+ 8. bxc3 Ba6 9. cxd5 Bxf1 10. Kxf1 exd5 11. c4 Nc6 12. Bd2 Ne7 13. cxd5 Qxd5 14. Rc1 Ne4 15. Qc4 Qf5 16. Qe2 Nd5 17. Be1 Rfe8 18. Kg1 c5 19. dxc5 bxc5 20. h4 Rab8 21. Qc2 h6 22. Nd2 Ndf6 23. Nxe4 Qxe4 24. Qxe4 Rxe4 25. Rxc5 Rb1 26. Kf1 Ra4 27. Rc3 Ne4 28. Rd3 Rc4 29. Ke2 Rc2+ 30. Kf3 f5 31. g4 Nxf2 32. Rd8+ Kh7 33. Rf1 Nxg4 34. Kf4 Re2 0-1

[Event "CRO-chT (Women) 21st"]
[Site "Sibenik"]
[Date "2012.09.29"]
[Round "8.3"]
[White "Macek, Vlasta"]
[Black "Ivekovic, Ana"]
[Result "1-0"]
[WhiteElo "2172"]
[BlackElo "1991"]
[PlyCount "113"]
[EventDate "2012.09.23"]
[EventType "team-tourn"]
[EventRounds "9"]
[EventCountry "CRO"]
[SourceTitle "CBM 150 Extra"]
[Source "ChessBase"]
[SourceDate "2012.10.19"]
[SourceVersion "1"]
[SourceVersionDate "2012.10.19"]
[SourceQuality "1"]
[WhiteTeam "Zagreb Mladost (W)"]
[BlackTeam "Vrbovsko Goran (W)"]
[WhiteTeamCountry "CRO"]
[BlackTeamCountry "CRO"]

1. Nf3 Nf6 2. g3 g6 3. Bg2 Bg7 4. 0-0 0-0 5. c4 d6 6. d4 Nc6 7. d5 Nb8 8. Nc3 e5 9. e4 Bg4 10. Qc2 Bxf3 11. Bxf3 a5 12. Be3 Nbd7 13. a3 Qe7 14. b4 b6 15. Rab1 Ne8 16. Bg4 Nef6 17. Bh3 Kh8 18. Nb5 Nb8 19. Rfc1 axb4 20. axb4 Na6 21. Bg5 Qe8 22. Qd3 Ng8 23. Bd2 Bh6 24. Rc3 Bxd2 25. Qxd2 Rd8 26. Ra3 Nb8 27. Nxc7 Qe7 28. Nb5 f5 29. exf5 gxf5 30. f4 Qf6 31. Rf1 Qh6 32. Bg2 Nd7 33. Nc7 Rc8 34. Ne6 Rf7 35. Rc3 Ne7 36. Qc1 exf4 37. Qxf4 Qxf4 38. gxf4 Nf6 39. Rfc1 h6 40. h3 Kh7 41. Kf2 Ng6 42. Bf3 Ra7 43. Ke3 Ra4 44. c5 bxc5 45. bxc5 dxc5 46. Rxc5 Re8 47. Rc7+ Kh8 48. Rc8 Ra3+ 49. Kf2 Ra8 50. Rxa8 Rxa8 51. d6 Re8 52. Re1 Kg8 53. Bc6 Rxe6 54. Rxe6 Kf7 55. d7 Nxd7 56. Rxg6 Nb8 57. Rxh6 1-0

[Event "CRO-chT (Women) 21st"]
[Site "Sibenik"]
[Date "2012.09.26"]
[Round "5.2"]
[White "Ivekovic, Irena"]
[Black "Macek, Vlasta"]
[Result "0-1"]
[WhiteElo "1898"]
[BlackElo "2172"]
[PlyCount "90"]
[EventDate "2012.09.23"]
[EventType "team-tourn"]
[EventRounds "9"]
[EventCountry "CRO"]
[SourceTitle "CBM 150 Extra"]
[Source "ChessBase"]
[SourceDate "2012.10.19"]
[SourceVersion "1"]
[SourceVersionDate "2012.10.19"]
[SourceQuality "1"]
[WhiteTeam "Rijeka Milenij Hoteli (W)"]
[BlackTeam "Zagreb Mladost (W)"]
[WhiteTeamCountry "CRO"]
[BlackTeamCountry "CRO"]

1. d4 d5 2. Nf3 c6 3. c4 e6 4. cxd5 exd5 5. Nc3 Nf6 6. Bg5 Be7 7. e3 0-0 8. Be2 Re8 9. 0-0 Nbd7 10. Qc2 Nf8 11. a3 Ne6 12. Bxf6 Bxf6 13. b4 Qd6 14. Rfd1 Nc7 15. Qb3 Be6 16. Na4 Rab8 17. Rac1 Bg4 18. Nc3 Be7 19. Ne5 Bxe2 20. Nxe2 a5 21. Nd3 axb4 22. axb4 Qh6 23. Rb1 Bd6 24. Ng3 Nb5 25. Qb2 Qg6 26. Nc5 h5 27. Rd2 h4 28. Nf1 h3 29. g3 Bxc5 30. bxc5 Na3 31. Rc1 Nc4 32. Rxc4 dxc4 33. Qc3 Qe4 34. f4 Qd5 35. Rc2 b5 36. cxb6 Rxb6 37. Qxc4 Qxc4 38. Rxc4 Rb1 39. Kf2 Ra8 40. Rc2 Raa1 41. Nd2 Rg1 42. Kf3 Rg2 43. Kg4 Rxh2 44. Rxc6 Rxd2 45. Kxh3 Re1 0-1

[Event "CRO-chT (Women) 20th"]
[Site "Sibenik"]
[Date "2011.10.08"]
[Round "6.4"]
[White "Macek, Vlasta"]
[Black "Ivekovic, Ana"]
[Result "1-0"]
[WhiteElo "2199"]
[BlackElo "2009"]
[PlyCount "155"]
[EventDate "2011.10.04"]
[EventType "team-tourn"]
[EventRounds "7"]
[EventCountry "CRO"]
[SourceTitle "CBM 144 Extra"]
[Source "ChessBase"]
[SourceDate "2011.10.28"]
[SourceVersion "1"]
[SourceVersionDate "2011.10.28"]
[SourceQuality "1"]
[WhiteTeam "Zagreb Mladost (W)"]
[BlackTeam "Busevec Polet (W)"]
[WhiteTeamCountry "CRO"]
[BlackTeamCountry "CRO"]

1. d4 Nf6 2. c4 e6 3. Nc3 Bb4 4. Qc2 c5 5. dxc5 Bxc5 6. Nf3 Nc6 7. e3 0-0 8. Be2 b6 9. a3 Bb7 10. b4 Be7 11. Bb2 Rc8 12. 0-0 Qc7 13. Rac1 d6 14. Rfd1 a6 15. Qb3 Qb8 16. Nb1 Rfd8 17. Nbd2 Ba8 18. Nd4 Bb7 19. Bf3 Nxd4 20. exd4 Bxf3 21. Nxf3 Nd7 22. Qe3 Bf6 23. Ng5 g6 24. Ba1 h6 25. Ne4 Bg7 26. Nd2 Nf6 27. h3 Qb7 28. Nb3 Kh7 29. Qe2 Nd7 30. f4 Re8 31. Qd3 Qa7 32. Kh1 Qb7 33. Bc3 Qa7 34. Be1 Qb7 35. Bf2 Nb8 36. a4 Qe7 37. b5 Qb7 38. c5 axb5 39. Qxb5 dxc5 40. dxc5 Qe4 41. cxb6 Qxf4 42. Bg1 Be5 43. Rxc8 Rxc8 44. Rf1 Qg3 45. Rxf7+ Kg8 46. Rf3 Qg5 47. Re3 Bf4 48. Qxg5 Bxg5 49. Rxe6 Kf7 50. Re4 Rc3 51. Rb4 Be7 52. Rb5 Bd6 53. Bh2 Ke7 54. b7 Rd3 55. Bxd6+ Rxd6 56. a5 Kd7 57. Kh2 Kc7 58. Rb4 Na6 59. Rb5 Nb8 60. Kg3 Na6 61. Kf4 Nb8 62. Ke4 Nd7 63. Nd4 Ra6 64. Nf3 Re6+ 65. Ne5 Nb8 66. Kd4 Ra6 67. Kc3 Rf6 68. Nd3 Rc6+ 69. Nc5 Na6 70. Kc4 Nb8 71. Kd5 Rd6+ 72. Kc4 Rc6 73. Rb6 Rxb6 74. axb6+ Kxb6 75. Kd5 Kc7 76. g4 Nc6 77. h4 Nd8 78. Ne6+ 1-0

[Event "CRO-chT (Women) 20th"]
[Site "Sibenik"]
[Date "2011.10.04"]
[Round "1.3"]
[White "Macek, Vlasta"]
[Black "Sargac, Rajna"]
[Result "1/2-1/2"]
[WhiteElo "2199"]
[BlackElo "2140"]
[PlyCount "87"]
[EventDate "2011.10.04"]
[EventType "team-tourn"]
[EventRounds "7"]
[EventCountry "CRO"]
[SourceTitle "CBM 144 Extra"]
[Source "ChessBase"]
[SourceDate "2011.10.28"]
[SourceVersion "1"]
[SourceVersionDate "2011.10.28"]
[SourceQuality "1"]
[WhiteTeam "Zagreb Mladost (W)"]
[BlackTeam "Rijeka BKS Bank (W)"]
[WhiteTeamCountry "CRO"]
[BlackTeamCountry "CRO"]

1. d4 e6 2. c4 f5 3. g3 Nf6 4. Bg2 c6 5. Nf3 d5 6. 0-0 Bd6 7. b3 Qe7 8. Bb2 b6 9. Qc1 Bb7 10. Ba3 Nbd7 11. Bxd6 Qxd6 12. Nbd2 0-0 13. Qb2 c5 14. e3 Ne4 15. Rfd1 cxd4 16. Nxd4 Ndc5 17. N2f3 dxc4 18. bxc4 Qe7 19. Ne5 Ng5 20. f4 Bxg2 21. Qxg2 Nge4 22. Qb2 Rac8 23. a4 Qc7 24. Qa3 Rfd8 25. a5 bxa5 26. Qxa5 Qxa5 27. Rxa5 a6 28. Ra3 Ra8 29. Nec6 Rd6 30. Rc1 Kf8 31. Kf1 Rc8 32. Ne5 Rb8 33. Nd3 Nxd3 34. Rxd3 Nc5 35. Rd2 a5 36. Ra2 a4 37. Ke2 Nb3 38. Rd1 Nc5 39. Nb5 Rxd1 40. Kxd1 Ke7 41. Kc2 Kd7 42. Kc3 Kc6 43. Kb4 Nd3+ 44. Kc3 1/2-1/2

[Event "CRO-chT (Women)"]
[Site "Sibenik"]
[Date "2010.09.09"]
[Round "6"]
[White "Jelica, Mara"]
[Black "Macek, Vlasta"]
[Result "1/2-1/2"]
[WhiteElo "2211"]
[BlackElo "2213"]
[PlyCount "61"]
[EventDate "2010.09.04"]
[EventType "team-tourn"]
[EventRounds "9"]
[EventCountry "CRO"]
[SourceTitle "CBM 138 Extra"]
[Source "ChessBase"]
[SourceDate "2010.10.29"]
[SourceVersion "1"]
[SourceVersionDate "2010.10.29"]
[SourceQuality "1"]

1. e4 e6 2. d4 d5 3. Nd2 Nf6 4. e5 Nfd7 5. f4 c5 6. c3 Nc6 7. Ndf3 Qb6 8. Ne2 Be7 9. g3 f5 10. exf6 Nxf6 11. Bh3 0-0 12. 0-0 Ne4 13. Kg2 Bd7 14. dxc5 Qxc5 15. Qd3 Rad8 16. Be3 Qa5 17. a4 Qc7 18. b4 Bf6 19. Rac1 Nd6 20. Bd4 Nc4 21. Rce1 e5 22. Bxd7 Qxd7 23. fxe5 N6xe5 24. Nxe5 Nxe5 25. Bxe5 Bxe5 26. Rxf8+ Rxf8 27. Ng1 Bf6 28. b5 Rc8 29. Ne2 Rc4 30. Ra1 Qe6 31. Kf3 1/2-1/2

[Event "CRO-chT (Women)"]
[Site "Sibenik"]
[Date "2010.09.08"]
[Round "5"]
[White "Macek, Vlasta"]
[Black "Peronja, Dominika"]
[Result "1-0"]
[WhiteElo "2213"]
[BlackElo "1741"]
[PlyCount "103"]
[EventDate "2010.09.04"]
[EventType "team-tourn"]
[EventRounds "9"]
[EventCountry "CRO"]
[SourceTitle "CBM 138 Extra"]
[Source "ChessBase"]
[SourceDate "2010.10.29"]
[SourceVersion "1"]
[SourceVersionDate "2010.10.29"]
[SourceQuality "1"]

1. d4 d5 2. c4 e6 3. Qc2 Nf6 4. g3 Bd7 5. Bg2 Bc6 6. Nf3 a6 7. 0-0 dxc4 8. Qxc4 b5 9. Qd3 Bb7 10. Be3 Nbd7 11. Rd1 Ng4 12. Bg5 Be7 13. Bxe7 Qxe7 14. Nc3 Ngf6 15. Rac1 c5 16. dxc5 Nxc5 17. Qe3 0-0 18. Nxb5 axb5 19. Qxc5 Qxc5 20. Rxc5 Rxa2 21. Rxb5 Ba6 22. Rb6 Nd5 23. Rb3 Bc4 24. Rb7 Bxe2 25. Rc1 Rfa8 26. Nd4 Ba6 27. Rb3 g6 28. Nc6 Re8 29. Ra3 Rxa3 30. bxa3 Kf8 31. Ne5 Be2 32. f4 Ra8 33. Kf2 Bb5 34. Rb1 Be8 35. Rb3 Rc8 36. Bxd5 exd5 37. Ke3 f6 38. Nf3 Rc4 39. Nd4 Ke7 40. Kd3 Ba4 41. Nc2 Bc6 42. Rb4 Rxb4 43. Nxb4 Bb7 44. Kd4 Kd6 45. a4 h5 46. a5 g5 47. a6 Ba8 48. f5 g4 49. Nd3 Bc6 50. Nf4 Ba8 51. Nxh5 Ke7 52. Kc5 1-0

[Event "CRO-chT (Women) 18th"]
[Site "Sibenik"]
[Date "2009.09.26"]
[Round "6"]
[White "Jelica, Mara"]
[Black "Macek, Vlasta"]
[Result "1/2-1/2"]
[WhiteElo "2242"]
[BlackElo "2220"]
[PlyCount "148"]
[EventDate "2009.09.21"]
[EventType "tourn"]
[EventRounds "9"]
[EventCountry "CRO"]
[SourceTitle "CBM 132 Extra"]
[Source "ChessBase"]
[SourceDate "2009.11.03"]
[SourceVersion "1"]
[SourceVersionDate "2009.11.03"]
[SourceQuality "1"]

1. e4 e6 2. d4 d5 3. Nd2 dxe4 4. Nxe4 Bd7 5. Nf3 Bc6 6. Bd3 Nd7 7. 0-0 Ngf6 8. Ng3 Bxf3 9. Qxf3 c6 10. Bg5 Be7 11. Rfe1 0-0 12. c3 Re8 13. Rad1 Qa5 14. Bxf6 Nxf6 15. Bb1 Rad8 16. Re5 Qc7 17. Rde1 Rd5 18. Nh5 Nxh5 19. Rxh5 Rxh5 20. Qxh5 g6 21. Qg4 Bf6 22. h4 h5 23. Qe4 Qd8 24. g3 Bg7 25. Qf4 Qb8 26. Qf3 Qd6 27. g4 hxg4 28. Qxg4 c5 29. h5 gxh5 30. Qxh5 cxd4 31. cxd4 Qxd4 32. Bh7+ Kf8 33. Rd1 Qe5 34. Qf3 Bh6 35. Kh1 Bf4 36. Rd7 Kg7 37. Qg4+ Kf6 38. Bg8 Re7 39. Qh4+ Qg5 40. Qh8+ Kf5 41. Qh7+ Ke5 42. Rxe7 Qxe7 43. Bxf7 Qg5 44. Qh8+ Kd5 45. Qh3 Qh6 46. Bh5 b6 47. Kg2 Qg7+ 48. Bg4 e5 49. Qd3+ Kc5 50. Qc3+ Kd6 51. Qa3+ Kd5 52. Qf3+ Kd6 53. Qd3+ Kc5 54. Kf3 Qb7+ 55. Ke2 e4 56. Qa3+ Kd4 57. f3 Qh7 58. Qa4+ Kd5 59. Bh5 Bd6 60. Qb3+ Ke5 61. Qc3+ Ke6 62. Bg4+ Ke7 63. Qe3 Qh2+ 64. Kd1 Qxb2 65. Qxe4+ Qe5 66. Qh7+ Kf6 67. Qh8+ Kg5 68. Qh5+ Kf6 69. Qh8+ Kg5 70. Qg8+ Kf4 71. Qc4+ Kg5 72. Be6 Bc5 73. Kc2 Qd4 74. Qxd4 Bxd4 1/2-1/2

[Event "CRO-chT (Women) 18th"]
[Site "Sibenik"]
[Date "2009.09.22"]
[Round "2"]
[White "Berke, Ana"]
[Black "Macek, Vlasta"]
[Result "1/2-1/2"]
[WhiteElo "2139"]
[BlackElo "2220"]
[PlyCount "74"]
[EventDate "2009.09.21"]
[EventType "tourn"]
[EventRounds "9"]
[EventCountry "CRO"]
[SourceTitle "CBM 132 Extra"]
[Source "ChessBase"]
[SourceDate "2009.11.03"]
[SourceVersion "1"]
[SourceVersionDate "2009.11.03"]
[SourceQuality "1"]

1. e4 e6 2. d4 d5 3. Nd2 Nf6 4. e5 Nfd7 5. Bd3 c5 6. c3 Nc6 7. Ngf3 h6 8. 0-0 a5 9. Qe2 cxd4 10. cxd4 Nb4 11. Bb5 Qb6 12. Rd1 Be7 13. a3 Nc6 14. Nf1 Nf8 15. Be3 Bd7 16. Bd3 g5 17. h3 Ng6 18. Qd2 a4 19. Rac1 Na5 20. Rc3 Bb5 21. Qc2 Bxd3 22. Rdxd3 Nc4 23. b4 axb3 24. Rxb3 Qa6 25. Bc1 0-0 26. Qb1 Rfb8 27. Ne1 b5 28. Nc2 Qc6 29. g3 Nf8 30. h4 Ra4 31. hxg5 hxg5 32. Nb4 Qd7 33. Ne3 Nxe3 34. Bxe3 Rc8 35. Kg2 Rc4 36. Rd1 Ng6 37. Nd3 Rxa3 1/2-1/2

[Event "CRO-chT (Women) 17th"]
[Site "Sibenik"]
[Date "2008.09.27"]
[Round "1"]
[White "Muzychuk, Anna"]
[Black "Macek, Vlasta"]
[Result "1-0"]
[WhiteElo "2504"]
[BlackElo "2242"]
[PlyCount "57"]
[EventDate "2008.09.27"]
[EventType "team-tourn"]
[EventRounds "9"]
[EventCountry "CRO"]
[SourceTitle "CBM 126 Extra"]
[Source "ChessBase"]
[SourceDate "2008.11.05"]
[SourceVersion "1"]
[SourceVersionDate "2008.11.05"]
[SourceQuality "1"]

1. e4 e6 2. d4 d5 3. Nc3 Nf6 4. Bg5 Be7 5. e5 Nfd7 6. Bxe7 Qxe7 7. Nb5 Nb6 8. c3 a6 9. Na3 c5 10. f4 Nc6 11. Nf3 Bd7 12. Nc2 Nc8 13. Bd3 N8a7 14. Qd2 g6 15. 0-0 b5 16. Ne3 cxd4 17. cxd4 Qb4 18. Qf2 Nxd4 19. Ng5 Nac6 20. Ng4 Qe7 21. Nf6+ Kd8 22. Ngxh7 Kc7 23. Rfd1 Kb7 24. Bf1 Nf5 25. Ng5 Nh6 26. Nge4 Bc8 27. Nd6+ Kc7 28. Rac1 Bb7 29. Qc5 1-0

[Event "CRO-chT (Women)"]
[Site "Sibenik"]
[Date "2007.10.16"]
[Round "4"]
[White "Macek, Vlasta"]
[Black "Boric, Elena"]
[Result "1-0"]
[WhiteElo "2246"]
[BlackElo "2279"]
[PlyCount "120"]
[EventDate "2007.10.13"]
[EventType "team-tourn"]
[EventRounds "9"]
[EventCountry "CRO"]
[SourceTitle "EXT 2008"]
[Source "ChessBase"]
[SourceDate "2007.11.25"]
[SourceVersion "1"]
[SourceVersionDate "2007.11.25"]
[SourceQuality "1"]

1. d4 f5 2. c4 Nf6 3. Nc3 g6 4. Nf3 Bg7 5. g3 0-0 6. Bg2 d6 7. 0-0 Qe8 8. d5 Na6 9. Nd4 Bd7 10. b3 c6 11. Bb2 Nc7 12. Qd2 Rb8 13. dxc6 bxc6 14. e3 e5 15. Nde2 Qe7 16. Rad1 Nfe8 17. Ba3 Rf6 18. Rfe1 Kh8 19. f4 e4 20. g4 Bf8 21. g5 Rf7 22. Ng3 Kg8 23. h4 h5 24. Nge2 Ne6 25. Bf1 N6c7 26. Nd4 Bg7 27. b4 Kh7 28. Rb1 a6 29. Red1 Ne6 30. Nb3 Qd8 31. Ne2 Qc7 32. Nbd4 Nxd4 33. Nxd4 Bc8 34. Qc2 a5 35. c5 axb4 36. cxd6 Nxd6 37. Rxb4 Rxb4 38. Bxb4 Nb7 39. Bc3 Qb6 40. Kf2 c5 41. Nb3 Be6 42. Bxg7 Rxg7 43. Bc4 Bxc4 44. Qxc4 Qa7 45. Rd2 Qa3 46. Qb5 Qa7 47. a4 c4 48. Qxc4 Na5 49. Nxa5 Qxa5 50. Rd5 Qb6 51. a5 Qb2+ 52. Qe2 Qa1 53. Qd1 Qa2+ 54. Qd2 Qa4 55. Qb2 Rc7 56. Kg3 Qc6 57. Rd8 Qc3 58. Rd7+ Kg8 59. Qxc3 Rxc3 60. a6 Rxe3+ 1-0

[Event "CRO-chT (Women)"]
[Site "Sibenik"]
[Date "2007.10.15"]
[Round "3"]
[White "Ivekovic, Ivana"]
[Black "Macek, Vlasta"]
[Result "0-1"]
[WhiteElo "1900"]
[BlackElo "2246"]
[PlyCount "58"]
[EventDate "2007.10.13"]
[EventType "team-tourn"]
[EventRounds "9"]
[EventCountry "CRO"]
[SourceTitle "EXT 2008"]
[Source "ChessBase"]
[SourceDate "2007.11.25"]
[SourceVersion "1"]
[SourceVersionDate "2007.11.25"]
[SourceQuality "1"]

1. d4 Nf6 2. Nf3 g6 3. c4 Bg7 4. Nc3 d6 5. g3 0-0 6. Bg2 Nbd7 7. 0-0 e5 8. e4 Re8 9. d5 Nc5 10. Qe2 a5 11. b3 Bg4 12. h3 Bd7 13. Rb1 Nh5 14. Nh4 Nf4 15. Qe3 Nxg2 16. Kxg2 f5 17. exf5 gxf5 18. a3 f4 19. Qe1 Bf6 20. Ne4 Nxe4 21. Qxe4 Bxh4 22. gxh4 Qxh4 23. Rh1 Kh8 24. Qf3 Rg8+ 25. Kf1 Bf5 26. Ra1 Rg6 27. Bb2 Rag8 28. Ke2 Rg2 29. b4 R8g3 0-1